00247nam a2200097Ia 4500008004100000100001900041245005700060260001100117260000900128546001200137170619s9999 xx 000 0 und d aCooper- George 0aProbabilistic Methods of Signal and System Analysis bOxford c2010 aENGLISH